A Béke Világtanács bécsi ülésszaka

Elmentve itt :
Bibliográfiai részletek
Szerző: Lukács György
Testületi szerző: Béke Világtanács ülésszaka
Adatforrás:Philobibl
Forrásdokumentuma:Társadalmi Szemle
1951:12. (dec.) p. 882-889.
Dokumentumtípus: Cikk
Nyelv:magyar
Kulcsszavak:békeharc
Online elérés:előfizetéssel hozzáférhető
LEADER 00515nab a2200133 c 4500
001 bibPHI0038504
005 20230904155358.9
008 100611s1951 hu hun
100 1 |a Lukács György 
245 1 2 |a A Béke Világtanács bécsi ülésszaka  |c Lukács György 
695 |a békeharc 
711 2 |a Béke Világtanács ülésszaka  |c Wien 
773 0 |t Társadalmi Szemle  |g 1951:12. (dec.) p. 882-889. 
856 4 1 |3 Full text  |u https://adt.arcanum.com/hu/view/TarsadalmiSzemle_1951/?pg=915&layout=s  |z előfizetéssel hozzáférhető